[Event "SVK-chT5 1718"]
[Site "Slovakia"]
[Date "2017.10.21"]
[Round "1"]
[White "Trojkova, Michaela"]
[Black "Drozd, Jan"]
[Result "1-0"]
[WhiteElo "1675"]
[BlackElo "1530"]
[PlyCount "50"]
[EventDate "2017.10.21"]
[EventType "team-tourn"]
[EventRounds "9"]
[EventCountry "SVK"]
[SourceTitle "EXT 2019"]
[Source "ChessBase"]
[SourceDate "2018.10.10"]
[SourceVersion "1"]
[SourceVersionDate "2018.10.10"]
[SourceQuality "1"]
[WhiteTeam "Senica III"]
[BlackTeam "Senica IV"]
[WhiteTeamCountry "SVK"]
[BlackTeamCountry "SVK"]

1. d4 Nf6 2. c4 e6 3. Nf3 d5 4. e3 Nbd7 5. Nc3 Bb4 6. Bd2 0-0 7. a3 Bd6 8. Bd3 dxc4 9. Bxc4 Nb6 10. Bd3 c5 11. dxc5 Bxc5 12. Qc2 h6 13. 0-0 Bd7 14. Ne4 Be7 15. Rac1 Rc8 16. Qb1 Rxc1 17. Rxc1 Bc6 18. Nd4 Bxe4 19. Bxe4 Nxe4 20. Qxe4 Nd5 21. h3 Qd7 22. Qc2 Bd6 23. Qc4 a6 24. Qc2 Nb6 25. Qb3 Nd5 1-0

[Event "SVK-chT4 A21 1617"]
[Site "Slovakia"]
[Date "2017.03.12"]
[Round "11.2"]
[White "Kanka, Tomas"]
[Black "Trojkova, Michaela"]
[Result "1/2-1/2"]
[WhiteElo "1714"]
[BlackElo "1663"]
[PlyCount "50"]
[EventDate "2016.10.09"]
[EventType "team-tourn"]
[EventRounds "11"]
[EventCountry "SVK"]
[SourceTitle "EXT 2020"]
[Source "ChessBase"]
[SourceDate "2019.10.17"]
[SourceVersion "1"]
[SourceVersionDate "2019.10.17"]
[SourceQuality "1"]
[WhiteTeam "Gbely Nafta III"]
[BlackTeam "Senica CVC II"]
[WhiteTeamCountry "SVK"]
[BlackTeamCountry "SVK"]

1. e4 c5 2. c3 e6 3. Nf3 Nc6 4. Bb5 a6 5. Qa4 Na5 6. Be2 b5 7. Qc2 d5 8. exd5 Qxd5 9. 0-0 Nf6 10. d4 cxd4 11. Nxd4 Bb7 12. Bf3 Qd7 13. Bg5 Be7 14. Rd1 Bxf3 15. Nxf3 Qc7 16. Nbd2 0-0 17. Bxf6 Bxf6 18. Ne4 Be5 19. Neg5 g6 20. Re1 Bg7 21. h4 Nc4 22. h5 Rfe8 23. hxg6 hxg6 24. Qe4 Nxb2 25. Qh4 Nd3 1/2-1/2

[Event "SVK-chT3A2 1617"]
[Site "Slovakia"]
[Date "2016.10.30"]
[Round "2.1"]
[White "Minarik, Jozef"]
[Black "Trojkova, Michaela"]
[Result "0-1"]
[WhiteElo "1272"]
[BlackElo "1703"]
[PlyCount "76"]
[EventDate "2016.10.16"]
[EventType "team-tourn"]
[EventRounds "11"]
[EventCountry "SVK"]
[SourceTitle "EXT 2020"]
[Source "ChessBase"]
[SourceDate "2019.10.17"]
[SourceVersion "1"]
[SourceVersionDate "2019.10.17"]
[SourceQuality "1"]
[WhiteTeam "Dunajska Streda II"]
[BlackTeam "Senica CVC"]
[WhiteTeamCountry "SVK"]
[BlackTeamCountry "SVK"]

1. e4 c5 2. Nf3 Nc6 3. d4 cxd4 4. Nxd4 g6 5. Nc3 Bg7 6. Nf3 Nf6 7. Be3 d6 8. Be2 0-0 9. 0-0 Ng4 10. Qd2 Nxe3 11. Qxe3 Bg4 12. h3 Bxf3 13. Qxf3 Nd4 14. Qd3 Qa5 15. Rfb1 Rac8 16. Bf1 e6 17. Be2 Rc7 18. Bd1 Rfc8 19. Kh1 Qg5 20. Kg1 b5 21. Rc1 b4 22. Na4 Qa5 23. b3 Nxc2 24. Rab1 Ne1 25. Qd2 Rxc1 26. Rxc1 Rxc1 27. Qxc1 Nd3 28. Qd2 Nc5 29. Nxc5 Qxc5 30. Be2 Bd4 31. Bc4 a5 32. Kf1 Qe5 33. f3 Bc3 34. Qd3 Qg3 35. Qe2 Qh2 36. Qf2 Qf4 37. Qc2 Qe3 38. Qd1 Bd4 0-1

[Event "SVK-ch U16/20 Girls"]
[Site "Liptovsky Mikulas"]
[Date "2016.04.18"]
[Round "3"]
[White "Trojkova, Michaela"]
[Black "Cibikova, Sofia Anna"]
[Result "1/2-1/2"]
[WhiteElo "1655"]
[BlackElo "1691"]
[PlyCount "133"]
[EventDate "2016.04.16"]
[EventType "swiss"]
[EventRounds "9"]
[EventCountry "SVK"]
[SourceTitle "CBM 172 Extra"]
[Source "ChessBase"]
[SourceDate "2016.06.21"]
[SourceVersion "1"]
[SourceVersionDate "2016.06.21"]
[SourceQuality "1"]

1. e4 e6 2. d4 d5 3. exd5 exd5 4. c3 Bd6 5. Nf3 Bf5 6. Qe2+ Qe7 7. Qxe7+ Nxe7 8. Be3 0-0 9. Be2 Nd7 10. 0-0 h6 11. Nbd2 Nf6 12. Rfe1 Bh7 13. h3 Rfe8 14. Nf1 Nf5 15. Bd3 Kf8 16. Bd2 Nxd4 17. Nxd4 Bxd3 18. Nh2 c6 19. Red1 Bh7 20. Be3 Nd7 21. Nhf3 Ne5 22. Nh4 Nc4 23. Nhf5 Bxf5 24. Nxf5 Nxe3 25. Nxe3 Bc5 26. Re1 Bxe3 27. Rxe3 Rxe3 28. fxe3 Re8 29. Kf2 Ke7 30. Re1 Kd6 31. Rf1 Re6 32. Ke2 f6 33. Rf4 g5 34. Rf5 Ke7 35. g4 Re5 36. Rf3 Ke6 37. a3 f5 38. gxf5+ Rxf5 39. Rg3 Ke5 40. Rg4 h5 41. Rg2 Kf6 42. Rg3 Re5 43. Rf3+ Kg6 44. Rg3 Re4 45. Kf3 Kf5 46. Kf2 g4 47. hxg4+ hxg4 48. Rg1 Re7 49. Rh1 Rg7 50. Rh5+ Ke4 51. Ke2 g3 52. Rh4+ Ke5 53. Rh5+ Kd6 54. Rh1 g2 55. Rg1 Kc5 56. b3 a5 57. a4 b5 58. Kd3 Rg4 59. axb5 cxb5 60. Kc2 a4 61. Kb2 axb3 62. Kxb3 b4 63. cxb4+ Rxb4+ 64. Kc3 Rg4 65. Kd3 Kd6 66. Ke2 Ke5 67. Kf3 1/2-1/2

[Event "SVK-chT5 1516"]
[Site "Slovakia"]
[Date "2016.03.05"]
[Round "8.1"]
[White "Simek, Adam"]
[Black "Trojkova, Michaela"]
[Result "0-1"]
[WhiteElo "1097"]
[BlackElo "1535"]
[PlyCount "74"]
[EventDate "2015.10.24"]
[EventType "team-tourn"]
[EventRounds "9"]
[EventCountry "SVK"]
[SourceTitle "EXT 2017"]
[Source "ChessBase"]
[SourceDate "2016.10.25"]
[SourceVersion "1"]
[SourceVersionDate "2016.10.25"]
[SourceQuality "1"]
[WhiteTeam "Borsky Mikulas"]
[BlackTeam "Senica Intechess"]
[WhiteTeamCountry "SVK"]
[BlackTeamCountry "SVK"]

1. e4 c5 2. Nf3 Nc6 3. Bc4 g6 4. d3 Bg7 5. c3 Nf6 6. Be3 d6 7. d4 cxd4 8. cxd4 Nxe4 9. d5 Bxb2 10. dxc6 bxc6 11. Qc2 Bxa1 12. Qxe4 d5 13. Qc2 dxc4 14. Qxc4 Qd5 15. Qxd5 cxd5 16. 0-0 0-0 17. Nbd2 Bg7 18. Rc1 Be6 19. Rc7 Rfc8 20. Rxe7 d4 21. Nxd4 Bxd4 22. Bxd4 Rc2 23. Nf1 Rxa2 24. h3 a5 25. Ne3 a4 26. Ng4 Bxg4 27. hxg4 a3 28. Kh2 Rd2 29. Be3 Rc2 30. g5 a2 31. Bd4 a1Q 32. Bxa1 Rxa1 33. Re8+ Kg7 34. f4 Raa2 35. Kh3 Rxg2 36. Kh4 Rg1 37. f5 Rh2# 0-1

[Event "SVK-chT4 A21 1516"]
[Site "Slovakia"]
[Date "2016.01.24"]
[Round "7.3"]
[White "Trojkova, Michaela"]
[Black "Havlicek, Peter"]
[Result "1/2-1/2"]
[WhiteElo "1605"]
[BlackElo "1743"]
[PlyCount "64"]
[EventDate "2015.10.04"]
[EventType "team-tourn"]
[EventRounds "11"]
[EventCountry "SVK"]
[SourceTitle "EXT 2017"]
[Source "ChessBase"]
[SourceDate "2016.10.25"]
[SourceVersion "1"]
[SourceVersionDate "2016.10.25"]
[SourceQuality "1"]
[WhiteTeam "Senica CVC II"]
[BlackTeam "Senica SK II"]
[WhiteTeamCountry "SVK"]
[BlackTeamCountry "SVK"]

1. f4 d5 2. Nf3 Nc6 3. e3 Bg4 4. Be2 Bxf3 5. Bxf3 Nf6 6. b3 e5 7. fxe5 Nxe5 8. Bb2 Bd6 9. 0-0 0-0 10. d3 c6 11. Nd2 Qc7 12. h3 Rae8 13. Qe1 Re6 14. Qh4 Ng6 15. Qe1 Bg3 16. Qc1 Rxe3 17. Bxf6 gxf6 18. Ne4 dxe4 19. Qxe3 exf3 20. Rxf3 Bf4 21. Qxa7 Re8 22. Raf1 Re2 23. R1f2 Re1+ 24. Rf1 Rxf1+ 25. Rxf1 Qe7 26. Rxf4 Nxf4 27. Qb8+ Kg7 28. Qxf4 Qe1+ 29. Kh2 Qb1 30. c4 Qxa2 31. Qg4+ Kh6 32. Qf5 Kg7 1/2-1/2

[Event "SVK-ch U14 Girls"]
[Site "Tatralandia"]
[Date "2015.04.24"]
[Round "8"]
[White "Trojkova, Michaela"]
[Black "Ferkova, Dominika"]
[Result "1/2-1/2"]
[WhiteElo "1514"]
[BlackElo "1746"]
[PlyCount "34"]
[EventDate "2015.04.18"]
[EventType "swiss"]
[EventRounds "9"]
[EventCountry "SVK"]
[SourceTitle "CBM 166 Extra"]
[Source "ChessBase"]
[SourceDate "2015.06.18"]
[SourceVersion "1"]
[SourceVersionDate "2015.06.18"]
[SourceQuality "1"]

1. f4 d5 2. Nf3 c5 3. e3 Nc6 4. Be2 e6 5. 0-0 Bd6 6. b3 Nf6 7. Bb2 0-0 8. h3 Re8 9. Qe1 e5 10. fxe5 Nxe5 11. Nxe5 Bxe5 12. Bxe5 Rxe5 13. Qg3 Qe7 14. Bf3 Ne4 15. Bxe4 Rxe4 16. Nc3 Re5 17. Rf4 Rg5 1/2-1/2

[Event "SVK-ch U14 Girls"]
[Site "Tatralandia"]
[Date "2015.04.18"]
[Round "1"]
[White "Trojkova, Michaela"]
[Black "Mincicova, Katarina"]
[Result "1-0"]
[WhiteElo "1514"]
[BlackElo "1000"]
[PlyCount "119"]
[EventDate "2015.04.18"]
[EventType "swiss"]
[EventRounds "9"]
[EventCountry "SVK"]
[SourceTitle "CBM 166 Extra"]
[Source "ChessBase"]
[SourceDate "2015.06.18"]
[SourceVersion "1"]
[SourceVersionDate "2015.06.18"]
[SourceQuality "1"]

1. e4 e5 2. Nf3 Nf6 3. Nxe5 d6 4. Nf3 Nxe4 5. d3 Nf6 6. Nc3 Nc6 7. Bg5 Be7 8. Be2 Be6 9. d4 Nd5 10. Bxe7 Qxe7 11. Nb5 Bg4 12. 0-0 0-0 13. Bc4 Bxf3 14. Qxf3 Nf6 15. Rfe1 Qd7 16. c3 a6 17. Na3 d5 18. Bd3 Ne7 19. Re2 Rfe8 20. Rae1 c6 21. Nc2 Nc8 22. Bf5 Rxe2 23. Bxd7 Rxe1+ 24. Nxe1 Nxd7 25. Qf5 Nf6 26. Nf3 h6 27. Ne5 Ne7 28. Qf4 b6 29. g4 c5 30. h4 Rf8 31. g5 hxg5 32. hxg5 Nh7 33. Nd7 Re8 34. Nxb6 Ng6 35. Qg4 Re4 36. Qc8+ Nhf8 37. dxc5 Ne5 38. Nxd5 Nf3+ 39. Kg2 Nxg5 40. c6 Re6 41. c7 Rg6 42. Ne7+ Kh7 43. Nxg6 Nxg6 44. Qxa6 Nf4+ 45. Kg3 Nh5+ 46. Kg4 Nf6+ 47. Qxf6 gxf6 48. c8Q Kh6 49. Qh8+ Nh7 50. Qxh7+ Kxh7 51. a4 Kg6 52. a5 f5+ 53. Kf4 Kf6 54. a6 Ke6 55. a7 Kf6 56. a8Q Kg6 57. Qc6+ f6 58. Qe8+ Kg7 59. Kxf5 Kh6 60. Qg6# 1-0

[Event "SVK-chT5 SE-SI 1415"]
[Site "Slovakia"]
[Date "2015.03.21"]
[Round "11.2"]
[White "Trojkova, Michaela"]
[Black "Zlamal, Marek"]
[Result "0-1"]
[WhiteElo "1461"]
[BlackElo "1671"]
[PlyCount "62"]
[EventDate "2014.10.18"]
[EventType "team-tourn"]
[EventRounds "11"]
[EventCountry "SVK"]
[SourceTitle "EXT 2022"]
[Source "ChessBase"]
[SourceDate "2021.10.06"]
[SourceVersion "1"]
[SourceVersionDate "2021.10.06"]
[SourceQuality "1"]
[WhiteTeam "Senica CVC"]
[BlackTeam "Holic III"]
[WhiteTeamCountry "SVK"]
[BlackTeamCountry "SVK"]

1. e4 e5 2. Nf3 d6 3. d4 exd4 4. Qxd4 Nc6 5. Bb5 Bd7 6. Bxc6 Bxc6 7. Nc3 Qf6 8. Qd3 Qg6 9. 0-0 Nf6 10. Re1 0-0-0 11. Nd4 Bd7 12. b4 d5 13. a3 dxe4 14. Qe3 Ng4 15. Qxe4 Re8 16. Qxe8+ Bxe8 17. Rxe8+ Kd7 18. Re4 Bd6 19. h3 Nxf2 20. Kxf2 Qg3+ 21. Kf1 Qxc3 22. Rb1 f5 23. Nxf5 Qxc2 24. Nxd6 Rf8+ 25. Kg1 Qd1+ 26. Kh2 Qxd6+ 27. Kg1 Qd3 28. Rb2 Rf1+ 29. Kh2 Qxe4 30. Rd2+ Kc8 31. Bb2 Qf4+ 0-1

[Event "SVK-chT4A21 1415"]
[Site "Slovakia"]
[Date "2015.03.15"]
[Round "11.4"]
[White "Trojkova, Michaela"]
[Black "Sadlon, Matus"]
[Result "0-1"]
[WhiteElo "1461"]
[BlackElo "1591"]
[PlyCount "86"]
[EventDate "2014.10.12"]
[EventType "team-tourn"]
[EventRounds "11"]
[EventCountry "SVK"]
[SourceTitle "EXT 2022"]
[Source "ChessBase"]
[SourceDate "2021.10.06"]
[SourceVersion "1"]
[SourceVersionDate "2021.10.06"]
[SourceQuality "1"]
[WhiteTeam "Senica CVC II"]
[BlackTeam "Brezova"]
[WhiteTeamCountry "SVK"]
[BlackTeamCountry "SVK"]

1. e4 e5 2. Nf3 Nc6 3. Bc4 Nf6 4. Ng5 d5 5. exd5 Na5 6. Bb5+ c6 7. dxc6 bxc6 8. Be2 Be7 9. 0-0 0-0 10. Nc3 Bf5 11. d3 Rb8 12. b3 Nd5 13. Nxd5 cxd5 14. Nf3 Bf6 15. Bb2 Qc7 16. Qd2 Nc6 17. Rfe1 Rfe8 18. Rac1 a5 19. Bf1 Bg4 20. Be2 Bxf3 21. Bxf3 Qd8 22. c4 Bg5 23. Qc2 Nb4 24. Qd1 Bxc1 25. Qxc1 Nxd3 26. Qd2 Nxe1 27. Qxe1 dxc4 28. Bd1 Re6 29. Bg4 Re7 30. Ba3 cxb3 31. Bxe7 Qxe7 32. axb3 Rxb3 33. Qc1 Qb7 34. Bf5 g6 35. Bc2 Rc3 36. Qd2 Qb2 37. Qd8+ Kg7 38. Bd3 Qa1+ 39. Bf1 Rc1 40. Qd3 a4 41. g3 Rxf1+ 42. Qxf1 Qxf1+ 43. Kxf1 a3 0-1

[Event "SVK-chT5 SE-SI 1415"]
[Site "Slovakia"]
[Date "2014.11.15"]
[Round "3.2"]
[White "Vozarova, Adriana"]
[Black "Trojkova, Michaela"]
[Result "0-1"]
[WhiteElo "1444"]
[BlackElo "1461"]
[PlyCount "46"]
[EventDate "2014.10.18"]
[EventType "team-tourn"]
[EventRounds "11"]
[EventCountry "SVK"]
[SourceTitle "EXT 2022"]
[Source "ChessBase"]
[SourceDate "2021.10.06"]
[SourceVersion "1"]
[SourceVersionDate "2021.10.06"]
[SourceQuality "1"]
[WhiteTeam "Stefanov II"]
[BlackTeam "Senica CVC"]
[WhiteTeamCountry "SVK"]
[BlackTeamCountry "SVK"]

1. e4 c5 2. Nf3 Nc6 3. d4 cxd4 4. Nxd4 g6 5. Nc3 Bg7 6. Be3 Nf6 7. f3 d6 8. Qd2 Bd7 9. g4 Qc7 10. 0-0-0 a6 11. Kb1 Ne5 12. Be2 Nc4 13. Bxc4 Qxc4 14. h3 Qc7 15. Rhe1 Bc6 16. Bf2 Nd7 17. f4 Rc8 18. Nd5 Bxd5 19. exd5 Nf6 20. Qe2 Nxd5 21. Nb3 Nxf4 22. Qe4 d5 23. Qb4 Qxc2+ 0-1

[Event "SVK-chT4A21 1415"]
[Site "Slovakia"]
[Date "2014.11.09"]
[Round "3.4"]
[White "Bango, Dominik"]
[Black "Trojkova, Michaela"]
[Result "1-0"]
[WhiteElo "1557"]
[BlackElo "1461"]
[PlyCount "49"]
[EventDate "2014.10.12"]
[EventType "team-tourn"]
[EventRounds "11"]
[EventCountry "SVK"]
[SourceTitle "EXT 2022"]
[Source "ChessBase"]
[SourceDate "2021.10.06"]
[SourceVersion "1"]
[SourceVersionDate "2021.10.06"]
[SourceQuality "1"]
[WhiteTeam "Modranka Komplet Juniors"]
[BlackTeam "Senica CVC II"]
[WhiteTeamCountry "SVK"]
[BlackTeamCountry "SVK"]

1. e4 c5 2. Nf3 Nc6 3. d4 cxd4 4. Nxd4 g6 5. Nc3 Bg7 6. Be3 Nf6 7. Be2 0-0 8. 0-0 a6 9. Qd2 d6 10. f3 Bd7 11. Rad1 Qc7 12. Nxc6 Bxc6 13. Nd5 Nxd5 14. exd5 Bd7 15. c3 Rac8 16. Rfe1 Rfe8 17. Bf1 Ba4 18. Rc1 Bd7 19. c4 Rb8 20. b3 Bc8 21. c5 dxc5 22. Bf4 Bh6 23. Bxh6 Qb6 24. Qe3 Qa5 25. Qe5 1-0

[Event "SVK-chT5 SE-SI 1415"]
[Site "Slovakia"]
[Date "2014.10.25"]
[Round "2.3"]
[White "Filipek, Norbert"]
[Black "Trojkova, Michaela"]
[Result "1/2-1/2"]
[WhiteElo "1414"]
[BlackElo "1461"]
[PlyCount "85"]
[EventDate "2014.10.18"]
[EventType "team-tourn"]
[EventRounds "11"]
[EventCountry "SVK"]
[SourceTitle "EXT 2022"]
[Source "ChessBase"]
[SourceDate "2021.10.06"]
[SourceVersion "1"]
[SourceVersionDate "2021.10.06"]
[SourceQuality "1"]
[WhiteTeam "Stefanov III"]
[BlackTeam "Senica CVC"]
[WhiteTeamCountry "SVK"]
[BlackTeamCountry "SVK"]

1. e4 e5 2. Nf3 Nc6 3. d4 exd4 4. Nxd4 Bc5 5. Be3 Nxd4 6. Bxd4 Bxd4 7. Qxd4 Qf6 8. Qxf6 Nxf6 9. Bd3 d6 10. 0-0 0-0 11. Re1 Re8 12. Nc3 Bd7 13. f3 Re7 14. Re3 Rae8 15. Rae1 a6 16. a4 d5 17. R3e2 d4 18. e5 dxc3 19. exf6 Rxe2 20. Bxe2 cxb2 21. Kf2 Bxa4 22. Rb1 gxf6 23. Rxb2 b5 24. c3 c5 25. Rd2 Re6 26. c4 b4 27. Ra2 b3 28. Rxa4 b2 29. Bd3 Rd6 30. Ra2 Rxd3 31. Rxb2 Rc3 32. Rb6 Rxc4 33. Rxa6 Rc2+ 34. Kg3 Kg7 35. Rc6 c4 36. Rc5 Kg6 37. f4 h6 38. Kh4 Rxg2 39. h3 Rc2 40. f5+ Kg7 41. Kh5 Rc3 42. h4 Rc1 43. Rxc4 1/2-1/2

[Event "SVK-chT4A21 1415"]
[Site "Slovakia"]
[Date "2014.10.12"]
[Round "1.4"]
[White "Planka, Peter"]
[Black "Trojkova, Michaela"]
[Result "1-0"]
[WhiteElo "1764"]
[BlackElo "1461"]
[PlyCount "141"]
[EventDate "2014.10.12"]
[EventType "team-tourn"]
[EventRounds "11"]
[EventCountry "SVK"]
[SourceTitle "EXT 2022"]
[Source "ChessBase"]
[SourceDate "2021.10.06"]
[SourceVersion "1"]
[SourceVersionDate "2021.10.06"]
[SourceQuality "1"]
[WhiteTeam "Skalica II"]
[BlackTeam "Senica CVC II"]
[WhiteTeamCountry "SVK"]
[BlackTeamCountry "SVK"]

1. e4 c5 2. Nf3 Nc6 3. d4 cxd4 4. Nxd4 g6 5. Be3 Bg7 6. Nc3 Nf6 7. Be2 0-0 8. 0-0 a6 9. Qd2 Qc7 10. Rad1 d6 11. f3 Bd7 12. Nd5 Nxd5 13. exd5 Ne5 14. c3 Nc4 15. Bxc4 Qxc4 16. Nb3 Qa4 17. Nc1 Rac8 18. Bh6 Qh4 19. Bxg7 Kxg7 20. Qd4+ Qxd4+ 21. Rxd4 Rc7 22. Re1 Re8 23. Nb3 Bb5 24. Nd2 h6 25. Kf2 f5 26. g3 Bd7 27. Nc4 Bb5 28. Nxd6 Rd8 29. Nxb5 axb5 30. a3 Kf7 31. Re3 Rc5 32. Red3 Kf6 33. f4 Rd6 34. h3 h5 35. Kf3 b6 36. Rd2 Rc7 37. Ke3 Rc5 38. Kf3 Rc7 39. g4 h4 40. g5+ Kf7 41. a4 Rc5 42. axb5 Rxb5 43. c4 Rb3+ 44. R4d3 Rb4 45. b3 Ke8 46. Re2 Kd7 47. Rde3 Kd8 48. Kg2 Rd7 49. Ra2 b5 50. Ra8+ Kc7 51. Rc3 bxc4 52. Rxc4+ Rxc4 53. bxc4 Kb6 54. Rc8 Ra7 55. Rc6+ Kb7 56. Rxg6 Ra2+ 57. Kf1 Ra1+ 58. Ke2 Ra3 59. Re6 Rxh3 60. Rxe7+ Kc8 61. g6 Rg3 62. Rh7 Rxg6 63. Rxh4 Kc7 64. Kd3 Kd6 65. Kd4 Kd7 66. Ke5 Rg4 67. Rh7+ Kd8 68. Kd6 Kc8 69. c5 Rxf4 70. c6 Rf1 71. Rh8# 1-0

[Event "SVK-ch U14 Girls"]
[Site "Stara Lubovna"]
[Date "2014.04.11"]
[Round "6"]
[White "Trojkova, Michaela"]
[Black "Cibikova, Sofia Anna"]
[Result "0-1"]
[WhiteElo "1491"]
[BlackElo "1174"]
[PlyCount "86"]
[EventDate "2014.04.05"]
[EventType "swiss"]
[EventRounds "7"]
[EventCountry "SVK"]
[SourceTitle "EXT 2016"]
[Source "ChessBase"]
[SourceDate "2015.10.08"]
[SourceVersion "1"]
[SourceVersionDate "2015.10.08"]
[SourceQuality "1"]

1. e4 e5 2. Nf3 Nf6 3. Nc3 Nc6 4. Bc4 Nxe4 5. Nxe4 d5 6. Bd3 Nb4 7. Nc3 e4 8. Nxe4 Nxd3+ 9. cxd3 dxe4 10. dxe4 Bc5 11. 0-0 Bg4 12. d3 Qf6 13. h3 Bxf3 14. Qxf3 Qxf3 15. gxf3 0-0-0 16. Rd1 Rd7 17. Be3 Bb6 18. Bxb6 axb6 19. Rd2 Rhd8 20. Rad1 c5 21. b3 Rd4 22. Kg2 b5 23. Kg3 c4 24. bxc4 bxc4 25. Rc1 Kb8 26. Rc3 Rxd3 27. Rdxd3 cxd3 28. Rc1 d2 29. Rd1 Rd3 30. Kg2 Kc7 31. f4 Kd6 32. f3 Kc5 33. Kf2 Kd4 34. Ke2 Kc3 35. e5 Kc2 36. Rh1 d1Q+ 37. Rxd1 Rxd1 38. f5 Rd5 39. f4 g6 40. Ke3 gxf5 41. a4 h5 42. h4 b6 43. Ke2 Rd3 0-1

[Event "SVK-ch U14 Girls"]
[Site "Stara Lubovna"]
[Date "2014.04.10"]
[Round "5"]
[White "Tejova, Alexandra"]
[Black "Trojkova, Michaela"]
[Result "1/2-1/2"]
[WhiteElo "1589"]
[BlackElo "1491"]
[PlyCount "142"]
[EventDate "2014.04.05"]
[EventType "swiss"]
[EventRounds "7"]
[EventCountry "SVK"]
[SourceTitle "EXT 2016"]
[Source "ChessBase"]
[SourceDate "2015.10.08"]
[SourceVersion "1"]
[SourceVersionDate "2015.10.08"]
[SourceQuality "1"]

1. d4 d5 2. Bf4 e6 3. Nf3 Bd6 4. Bxd6 Qxd6 5. a3 Nc6 6. e3 Nf6 7. c4 b6 8. Nc3 Bb7 9. b4 dxc4 10. Bxc4 0-0-0 11. Qa4 a6 12. Bxa6 Bxa6 13. Qxa6+ Kd7 14. Qb5 Ke7 15. Rd1 Nd5 16. Nxd5+ Qxd5 17. Qxd5 Rxd5 18. 0-0 f6 19. Rfe1 Ra8 20. e4 Rd6 21. d5 Ne5 22. Nxe5 fxe5 23. Re3 c6 24. h3 cxd5 25. exd5 Rxd5 26. Red3 Rxd3 27. Rxd3 Ra7 28. Kf1 h6 29. Ke2 Rc7 30. Kf3 Rc4 31. Re3 Kf6 32. g4 g5 33. Kg3 e4 34. f3 exf3 35. Kxf3 e5 36. Re4 Rc3+ 37. Re3 Rc4 38. Rb3 e4+ 39. Ke3 Ke5 40. a4 Rc1 41. a5 bxa5 42. bxa5 Re1+ 43. Kd2 Ra1 44. Rb5+ Kf4 45. Ke2 Ra2+ 46. Kf1 Kf3 47. Rf5+ Kg3 48. Re5 Kxh3 49. Rxe4 Rxa5 50. Kf2 Ra3 51. Kg1 Rg3+ 52. Kh1 Rxg4 53. Re2 Rh4 54. Rg2 g4 55. Rg1 g3 56. Rg2 Re4 57. Rh2+ Kg4 58. Rxh6 Kg5 59. Rh8 Rh4+ 60. Rxh4 Kxh4 61. Kg2 Kg4 62. Kg1 Kg5 63. Kg2 Kf4 64. Kg1 Kf3 65. Kf1 Kg4 66. Kg2 Kf4 67. Kg1 Kf5 68. Kg2 Kg4 69. Kg1 Kf3 70. Kf1 g2+ 71. Kg1 Kg3 1/2-1/2